[Event "Belt and Road Hunan op-B"]
[Site "Changsha"]
[Date "2019.07.31"]
[Round "5"]
[White "Zhang, Di"]
[Black "Xu, Yining"]
[Result "1/2-1/2"]
[WhiteElo "2026"]
[BlackElo "2377"]
[PlyCount "49"]
[EventDate "2019.07.29"]
[EventType "swiss"]
[EventRounds "9"]
[EventCountry "CHN"]
[SourceTitle "EXT 2020"]
[Source "ChessBase"]
[SourceDate "2019.10.17"]
[SourceVersion "1"]
[SourceVersionDate "2019.10.17"]
[SourceQuality "1"]

1. Nf3 Nf6 2. g3 d5 3. Bg2 c6 4. 0-0 Bf5 5. d4 e6 6. b3 h6 7. c4 Bd6 8. Nc3 0-0 9. Bb2 Nbd7 10. Nd2 Re8 11. e4 dxe4 12. Ndxe4 Nxe4 13. Nxe4 Be7 14. Re1 Nf6 15. Nc5 Qb6 16. Nd3 Rad8 17. Qe2 Qa5 18. Qe5 Qxe5 19. Nxe5 Nd7 20. Nf3 Bf6 21. Re2 a5 22. Bc3 Ra8 23. Rd1 Red8 24. h3 h5 25. Ne1 1/2-1/2

[Event "CHN-chTB"]
[Site "Harbin"]
[Date "2019.07.23"]
[Round "5.2"]
[White "Li, Zekai"]
[Black "Xu, Yining"]
[Result "1/2-1/2"]
[WhiteElo "1918"]
[BlackElo "2377"]
[PlyCount "111"]
[EventDate "2019.07.20"]
[EventType "team-swiss"]
[EventRounds "11"]
[EventCountry "CHN"]
[SourceTitle "CBM 191 Extra"]
[Source "ChessBase"]
[SourceDate "2019.09.30"]
[SourceVersion "1"]
[SourceVersionDate "2019.09.30"]
[SourceQuality "1"]
[WhiteTeam "Qingdao Chess Association"]
[BlackTeam "Shanghai Qi Yuan"]
[WhiteTeamCountry "CHN"]
[BlackTeamCountry "CHN"]

1. e4 c5 2. Nf3 Nc6 3. c4 e5 4. Nc3 d6 5. d3 g6 6. h4 h5 7. Be2 Bg7 8. Nd5 Bg4 9. Ng5 Bd7 10. Be3 Nh6 11. Qd2 f6 12. Nh3 Ng4 13. Bxg4 hxg4 14. Ng1 Be6 15. f3 Qd7 16. Ne2 b6 17. 0-0-0 0-0-0 18. Ng3 gxf3 19. gxf3 f5 20. Bg5 Rdf8 21. h5 Bxd5 22. cxd5 Nd4 23. hxg6 Nxf3 24. Qe3 Nd4 25. Ne2 f4 26. Qf2 Nxe2+ 27. Qxe2 f3 28. Qf2 Rxh1 29. Rxh1 Qe8 30. Rg1 Qxg6 31. Be7 Qh6+ 32. Bg5 Qh5 33. Kc2 Rf7 34. Rg3 Bf8 35. a3 Kd7 36. Rg1 Be7 37. Bxe7 Kxe7 38. Rg8 Qh3 39. Rg1 Kd7 40. Rg8 Kc7 41. Rg1 Qh6 42. Rg4 Kb7 43. b3 Qh3 44. Rg6 Kc7 45. Rg1 Kb7 46. Rg6 Rf4 47. Rg3 Qh4 48. Rg7+ Ka6 49. Qxh4 Rxh4 50. Rf7 Rh2+ 51. Kc3 Rf2 52. b4 cxb4+ 53. axb4 Rf1 54. Kd2 Rb1 55. Rxf3 Kb7 56. Rf7+ 1/2-1/2

[Event "CHN-chTB"]
[Site "Harbin"]
[Date "2019.07.22"]
[Round "4.1"]
[White "Xu, Yining"]
[Black "Huang, Renjie"]
[Result "1/2-1/2"]
[WhiteElo "2377"]
[BlackElo "2352"]
[PlyCount "63"]
[EventDate "2019.07.20"]
[EventType "team-swiss"]
[EventRounds "11"]
[EventCountry "CHN"]
[SourceTitle "CBM 191 Extra"]
[Source "ChessBase"]
[SourceDate "2019.09.30"]
[SourceVersion "1"]
[SourceVersionDate "2019.09.30"]
[SourceQuality "1"]
[WhiteTeam "Shanghai Qi Yuan"]
[BlackTeam "Qingdao Chengyang"]
[WhiteTeamCountry "CHN"]
[BlackTeamCountry "CHN"]

1. e4 c5 2. Nf3 d6 3. d4 cxd4 4. Nxd4 Nf6 5. Nc3 g6 6. Be3 Bg7 7. f3 0-0 8. Qd2 Nc6 9. g4 Be6 10. Nxe6 fxe6 11. 0-0-0 Ne5 12. Be2 Qc8 13. h4 Nfd7 14. h5 Nxf3 15. Nd5 exd5 16. Qxd5+ Rf7 17. hxg6 hxg6 18. Bxf3 Nb6 19. Bxb6 axb6 20. Qb3 Qc6 21. Rhf1 Qa4 22. e5 Qxb3 23. cxb3 e6 24. exd6 Rxa2 25. Be2 Rxf1 26. Rxf1 Ra1+ 27. Kc2 Rxf1 28. Bxf1 Kf7 29. Bc4 Be5 30. d7 Bc7 31. Kd3 Ke7 32. Bb5 1/2-1/2

[Event "CHN-chT"]
[Site "Daqing"]
[Date "2019.06.27"]
[Round "9.2"]
[White "Zhao, Yuanhe"]
[Black "Xu, Yining"]
[Result "1/2-1/2"]
[WhiteElo "2444"]
[BlackElo "2359"]
[PlyCount "94"]
[EventDate "2019.06.19"]
[EventType "team-swiss"]
[EventRounds "9"]
[EventCountry "CHN"]
[SourceTitle "CBM 191 Extra"]
[Source "ChessBase"]
[SourceDate "2019.09.30"]
[SourceVersion "1"]
[SourceVersionDate "2019.09.30"]
[SourceQuality "1"]
[WhiteTeam "Chengdu"]
[BlackTeam "Shanghai"]
[WhiteTeamCountry "CHN"]
[BlackTeamCountry "CHN"]

1. Nf3 f5 2. g3 Nf6 3. Bg2 g6 4. 0-0 Bg7 5. d4 0-0 6. c4 d6 7. Nc3 c6 8. b3 Na6 9. Qc2 Nb4 10. Qd2 e5 11. dxe5 dxe5 12. Nxe5 Qa5 13. f4 Rd8 14. Qb2 Nd7 15. a3 Qb6+ 16. Kh1 Nxe5 17. fxe5 Na6 18. Bf4 Be6 19. Na4 Qa5 20. Rae1 Rac8 21. e4 b5 22. Nc3 bxc4 23. exf5 gxf5 24. b4 Qb6 25. Be3 c5 26. Qc1 Rd3 27. Na4 Qb5 28. Nxc5 Nxc5 29. Bxc5 h6 30. Rf2 a5 31. Rc2 Rxc5 32. bxc5 Qxc5 33. Rc3 Qd4 34. Rxd3 cxd3 35. Qd2 a4 36. Rd1 Bc4 37. e6 Qd6 38. Qe3 Bf8 39. g4 fxg4 40. Qe4 Qxe6 41. Qxe6+ Bxe6 42. Rxd3 Kf7 43. Bc6 Bb3 44. Rd4 Bxa3 45. Bxa4 Be6 46. Bd7 Bxd7 47. Rxd7+ Kg6 1/2-1/2

[Event "CHN-chT"]
[Site "Daqing"]
[Date "2019.06.23"]
[Round "5.5"]
[White "Liu, Yutong"]
[Black "Xu, Yining"]
[Result "1/2-1/2"]
[WhiteElo "1811"]
[BlackElo "2359"]
[PlyCount "86"]
[EventDate "2019.06.19"]
[EventType "team-swiss"]
[EventRounds "9"]
[EventCountry "CHN"]
[SourceTitle "CBM 191 Extra"]
[Source "ChessBase"]
[SourceDate "2019.09.30"]
[SourceVersion "1"]
[SourceVersionDate "2019.09.30"]
[SourceQuality "1"]
[WhiteTeam "Zhejiang"]
[BlackTeam "Shanghai"]
[WhiteTeamCountry "CHN"]
[BlackTeamCountry "CHN"]

1. d4 Nf6 2. c4 g6 3. Nc3 Bg7 4. e4 d6 5. Nf3 0-0 6. Be2 e5 7. 0-0 Nc6 8. d5 Ne7 9. b4 a5 10. Ba3 b6 11. bxa5 Ne8 12. Nd2 Rxa5 13. Bb4 Ra8 14. a4 f5 15. Nb3 Bb7 16. Re1 c5 17. dxc6 Nxc6 18. Ba3 Nd4 19. Bd3 Nf6 20. f3 Nh5 21. Nd5 Bxd5 22. cxd5 Rxa4 23. Nxd4 Rxd4 24. Bb2 fxe4 25. fxe4 Qg5 26. Bxd4 exd4 27. Ra2 Be5 28. g3 Bf4 29. Rg2 Be3+ 30. Kh1 Qe5 31. Rf1 Nf6 32. Qc2 Qe7 33. h3 Nd7 34. Rxf8+ Qxf8 35. Kh2 Nc5 36. Qb1 Kg7 37. Ra2 Kh6 38. Bf1 Qe7 39. Bg2 d3 40. Qxb6 d2 41. Qb1 Qe5 42. Ra3 Qd4 43. Bf3 Bf2 1/2-1/2

[Event "Wch U20 56th"]
[Site "Tarvisio"]
[Date "2017.11.25"]
[Round "11"]
[White "Xu, Yining"]
[Black "Bakhmatsky, Vladislav"]
[Result "1-0"]
[WhiteElo "2321"]
[BlackElo "2404"]
[PlyCount "49"]
[EventDate "2017.11.13"]
[EventType "swiss"]
[EventRounds "11"]
[EventCountry "ITA"]
[SourceTitle "EXT 2019"]
[Source "ChessBase"]
[SourceDate "2018.10.10"]
[SourceVersion "1"]
[SourceVersionDate "2018.10.10"]
[SourceQuality "1"]

1. e4 c5 2. Nf3 d6 3. d4 cxd4 4. Nxd4 Nf6 5. Nc3 a6 6. Bd3 Nc6 7. Nxc6 bxc6 8. 0-0 g6 9. Kh1 Bg7 10. f4 0-0 11. f5 d5 12. e5 Nd7 13. e6 Ne5 14. Bf4 Nxd3 15. Qxd3 gxf5 16. exf7+ Rxf7 17. Rae1 a5 18. Rf3 Ba6 19. Qd2 Qb6 20. Rg3 d4 21. Be5 dxc3 22. Qh6 Kf8 23. Rxg7 Rd8 24. Rxh7+ Ke8 25. Rh8+ 1-0

[Event "Wch U20 56th"]
[Site "Tarvisio"]
[Date "2017.11.20"]
[Round "7"]
[White "Xu, Yining"]
[Black "Gomez Sanchez, Jorge Marcos"]
[Result "1-0"]
[WhiteElo "2321"]
[BlackElo "2426"]
[PlyCount "47"]
[EventDate "2017.11.13"]
[EventType "swiss"]
[EventRounds "11"]
[EventCountry "ITA"]
[SourceTitle "CBM 181 Extra"]
[Source "ChessBase"]
[SourceDate "2017.12.12"]
[SourceVersion "1"]
[SourceVersionDate "2017.12.12"]
[SourceQuality "1"]

1. e4 c5 2. Nf3 e6 3. d4 cxd4 4. Nxd4 Qb6 5. Nb3 Qc7 6. Nc3 Nc6 7. Bd3 Nf6 8. f4 d6 9. 0-0 a6 10. Qf3 Rb8 11. Kh1 b5 12. a3 Bb7 13. Bd2 Be7 14. Rae1 0-0 15. Qh3 Rfd8 16. f5 exf5 17. Nd5 Nxd5 18. exd5 Ne5 19. Ba5 Nxd3 20. Bxc7 Nxe1 21. Rxe1 Bf6 22. Bxb8 Rxb8 23. Qxf5 Rd8 24. Qd7 1-0

[Event "CHN-chTB"]
[Site "Qinhuangdao"]
[Date "2017.07.15"]
[Round "11.3"]
[White "Sun, Yidi"]
[Black "Xu, Yining"]
[Result "0-1"]
[WhiteElo "1756"]
[BlackElo "2323"]
[PlyCount "152"]
[EventDate "2017.07.10"]
[EventType "team-tourn"]
[EventRounds "11"]
[EventCountry "CHN"]
[SourceTitle "EXT 2018"]
[Source "ChessBase"]
[SourceDate "2017.10.13"]
[SourceVersion "1"]
[SourceVersionDate "2017.10.13"]
[SourceQuality "1"]
[WhiteTeam "Hangzhou Chess School"]
[BlackTeam "Qingdao Qingwei"]
[WhiteTeamCountry "CHN"]
[BlackTeamCountry "CHN"]

1. e4 d6 2. d4 Nf6 3. Nc3 g6 4. f4 Bg7 5. Nf3 0-0 6. Bd3 Na6 7. e5 Nd7 8. 0-0 c5 9. exd6 cxd4 10. dxe7 Qxe7 11. Ne2 Ndc5 12. Nexd4 Nxd3 13. Qxd3 Rd8 14. c3 Nc5 15. Qe2 Qxe2 16. Nxe2 Be6 17. Ned4 Bd5 18. Be3 Re8 19. Bd2 Rac8 20. Rfe1 Rxe1+ 21. Nxe1 Na4 22. Nd3 Bxd4+ 23. cxd4 Rc2 24. Nb4 Rxb2 25. Nxd5 Rxd2 26. Rb1 b6 27. Ne7+ Kg7 28. Nc8 Rxa2 29. Rb3 a5 30. Nxb6 Rb2 31. Rxb2 Nxb2 32. Nd5 a4 33. Nb4 a3 34. Na2 Kf6 35. Kf2 Ke6 36. Nb4 Nd1+ 37. Ke2 Nc3+ 38. Kd2 a2 39. Nc2 Nd5 40. g3 Kf5 41. Kc1 Nb4 42. Na1 Ke4 43. Nb3 Kf3 44. Kb2 Nd5 45. Kxa2 Kg2 46. Nc1 Kxh2 47. Ne2 Kg2 48. Kb3 Kf3 49. Kc4 Nf6 50. Kd3 h5 51. Kd2 Kf2 52. Kd3 Kf3 53. Kd2 Ne4+ 54. Kd3 Nd6 55. d5 f6 56. Kd2 Kf2 57. Kd3 f5 58. Kd2 Ne4+ 59. Kd3 Kf3 60. Nc3 Nf6 61. Kd4 Kxg3 62. Ke5 h4 63. Kxf6 h3 64. Kxg6 h2 65. Kxf5 h1Q 66. Ne4+ Kf3 67. Ng5+ Ke3 68. Ke5 Qh8+ 69. Kd6 Kxf4 70. Ne6+ Ke4 71. Nc5+ Kd4 72. Ne6+ Kc4 73. Nc7 Qf8+ 74. Kd7 Qf7+ 75. Kc6 Kd4 76. d6 Qf3+ 0-1

[Event "CHN-chTB"]
[Site "Qinhuangdao"]
[Date "2017.07.12"]
[Round "6.2"]
[White "Fan, Zhecheng"]
[Black "Xu, Yining"]
[Result "0-1"]
[WhiteElo "1920"]
[BlackElo "2323"]
[PlyCount "106"]
[EventDate "2017.07.10"]
[EventType "team-tourn"]
[EventRounds "11"]
[EventCountry "CHN"]
[SourceTitle "EXT 2018"]
[Source "ChessBase"]
[SourceDate "2017.10.13"]
[SourceVersion "1"]
[SourceVersionDate "2017.10.13"]
[SourceQuality "1"]
[WhiteTeam "Zhejiang Non Olympic"]
[BlackTeam "Qingdao Qingwei"]
[WhiteTeamCountry "CHN"]
[BlackTeamCountry "CHN"]

1. e4 d6 2. d4 Nf6 3. Nc3 g6 4. f3 a6 5. Be3 b5 6. Qd2 Nbd7 7. 0-0-0 Bb7 8. e5 dxe5 9. dxe5 Nxe5 10. Qe2 Ned7 11. g4 Bg7 12. h4 Nxg4 13. Bh3 Ngf6 14. Bc5 Bh6+ 15. Kb1 Nxc5 16. Rxd8+ Rxd8 17. a3 Bf4 18. Qf2 Na4 19. Nge2 Nxc3+ 20. Nxc3 0-0 21. Rd1 Bd6 22. Bg2 c5 23. Ne4 Bxe4 24. fxe4 c4 25. Qe2 Be5 26. c3 Nh5 27. Bf3 Nf4 28. Qf1 h5 29. Qg1 Bf6 30. Qg3 e5 31. Kc2 Rxd1 32. Bxd1 Rd8 33. Qf2 Kg7 34. Qb6 Bxh4 35. Qc7 Bf6 36. a4 Ng2 37. Be2 h4 38. Qc5 h3 39. Qf2 Bg5 40. axb5 axb5 41. Kb1 Rd2 42. Qg3 Bf4 43. Qxh3 Rxe2 44. Qd7 Ne3 45. Qxb5 g5 46. b3 Re1+ 47. Kb2 g4 48. bxc4 g3 49. c5 g2 50. c6 g1Q 51. Qd3 Ra1 52. c7 Qc1+ 53. Kb3 Qa3# 0-1

[Event "CHN-chTB"]
[Site "Qinhuangdao"]
[Date "2017.07.11"]
[Round "3.2"]
[White "Xu, Yining"]
[Black "Hou, Yifan B"]
[Result "1-0"]
[WhiteElo "2323"]
[BlackElo "1694"]
[PlyCount "105"]
[EventDate "2017.07.10"]
[EventType "team-tourn"]
[EventRounds "11"]
[EventCountry "CHN"]
[SourceTitle "EXT 2018"]
[Source "ChessBase"]
[SourceDate "2017.10.13"]
[SourceVersion "1"]
[SourceVersionDate "2017.10.13"]
[SourceQuality "1"]
[WhiteTeam "Qingdao Qingwei"]
[BlackTeam "Heilongjiang"]
[WhiteTeamCountry "CHN"]
[BlackTeamCountry "CHN"]

1. e4 c5 2. Nf3 Nc6 3. d4 cxd4 4. Nxd4 Qc7 5. Nc3 e6 6. f4 a6 7. Nxc6 Qxc6 8. Bd3 d6 9. 0-0 Be7 10. Kh1 Qc7 11. e5 Bd7 12. exd6 Bxd6 13. Ne4 Be7 14. Bd2 Nf6 15. Bc3 Bc6 16. Qe1 Bd5 17. Be5 Qc6 18. Bxf6 Bxf6 19. c4 Bxe4 20. Bxe4 Qb6 21. c5 Qc7 22. Qb4 0-0 23. Bxb7 Rab8 24. c6 Rfd8 25. Rac1 Rd4 26. Qe1 g6 27. Rc5 Rxb7 28. cxb7 Qxb7 29. b3 Re4 30. Qd1 Qb4 31. Qf3 Re1 32. Rc2 Qe4 33. Rcf2 a5 34. Qxe4 Rxe4 35. Rc2 Re3 36. g3 Bc3 37. Kg2 Bb4 38. Kf2 Rd3 39. Ke2 Rd5 40. Rd1 Rh5 41. Kf3 Kg7 42. h4 Rb5 43. Rc7 h5 44. a4 Rf5 45. Ke4 Kg8 46. Rb7 Rc5 47. Rd8+ Kg7 48. Rdd7 Rf5 49. Rb5 Rf6 50. Ra7 Be1 51. Kf3 e5 52. Rxe5 Bc3 53. Raxa5 1-0

[Event "Bangkok op 17th"]
[Site "Bangkok"]
[Date "2017.04.10"]
[Round "3"]
[White "Xu, Yining"]
[Black "Wan, Yunguo"]
[Result "1-0"]
[WhiteElo "2293"]
[BlackElo "2492"]
[PlyCount "67"]
[EventDate "2017.04.08"]
[EventType "swiss"]
[EventRounds "9"]
[EventCountry "THA"]
[SourceTitle "CBM 177 Extra"]
[Source "ChessBase"]
[SourceDate "2017.04.27"]
[SourceVersion "1"]
[SourceVersionDate "2017.04.27"]
[SourceQuality "1"]

1. e4 c5 2. Nf3 Nc6 3. d4 cxd4 4. Nxd4 g6 5. c4 Nf6 6. Nc3 Nxd4 7. Qxd4 d6 8. c5 Bg7 9. Bb5+ Bd7 10. Bxd7+ Qxd7 11. cxd6 0-0 12. 0-0 Ne8 13. Qd5 Qxd6 14. Qxb7 Nf6 15. Rd1 Qe5 16. h3 a5 17. Be3 Rab8 18. Qa7 Rxb2 19. Bd4 Qe6 20. Nd5 Rbb8 21. Nxe7+ Kh8 22. Nd5 Nxe4 23. Qxa5 Qf5 24. Qa7 Rfe8 25. a4 Rbd8 26. Bxg7+ Kxg7 27. Nc7 Rxd1+ 28. Rxd1 Re7 29. Qd4+ f6 30. Nb5 Nc5 31. Rc1 Nd3 32. Rc7 Rxc7 33. Nxc7 Nf4 34. Qxf4 1-0

[Event "Wch U18"]
[Site "Porto Carras"]
[Date "2015.11.01"]
[Round "7"]
[White "Ali Marandi, Cemil Can"]
[Black "Xu, Yining"]
[Result "1/2-1/2"]
[WhiteElo "2439"]
[BlackElo "2201"]
[PlyCount "45"]
[EventDate "2015.10.25"]
[EventType "swiss"]
[EventRounds "11"]
[EventCountry "GRE"]
[SourceTitle "CBM 169 Extra"]
[Source "ChessBase"]
[SourceDate "2015.12.18"]
[SourceVersion "1"]
[SourceVersionDate "2015.12.18"]
[SourceQuality "1"]

1. b3 e5 2. Bb2 Nc6 3. e3 Nf6 4. Nf3 e4 5. Nd4 Nxd4 6. Bxd4 Be7 7. c4 0-0 8. d3 d5 9. Nd2 Bf5 10. Qc2 exd3 11. Bxd3 Bxd3 12. Qxd3 dxc4 13. Qxc4 Qd5 14. Bxf6 Qxc4 15. Nxc4 Bxf6 16. 0-0-0 a5 17. Rd7 a4 18. b4 Rfe8 19. Rhd1 b5 20. Nb2 Rac8 21. Nd3 Re4 22. Kd2 Rc4 23. Rc1 1/2-1/2

[Event "CHN Team"]
[Site "Zhongshan"]
[Date "2015.07.12"]
[Round "3"]
[White "Yang, Yuhang"]
[Black "Xu, Yining"]
[Result "0-1"]
[WhiteElo "1810"]
[BlackElo "2135"]
[PlyCount "78"]
[EventDate "2015.07.11"]
[EventType "team-swiss"]
[EventRounds "11"]
[EventCountry "CHN"]
[SourceTitle "CBM 167 Extra"]
[Source "ChessBase"]
[SourceDate "2015.09.14"]
[SourceVersion "1"]
[SourceVersionDate "2015.09.14"]
[SourceQuality "1"]
[WhiteTeam "Shenzhen"]
[BlackTeam "Zhuhai Culture and Arts"]
[WhiteTeamCountry "CHN"]
[BlackTeamCountry "CHN"]

1. d4 f5 2. e4 fxe4 3. Nc3 Nf6 4. Bg5 g6 5. Bc4 c6 6. d5 Bg7 7. Nge2 cxd5 8. Nxd5 e6 9. Nxf6+ Bxf6 10. Bxf6 Qxf6 11. c3 0-0 12. 0-0 d5 13. Bb3 Nc6 14. Qc2 Qe5 15. c4 d4 16. Ng3 e3 17. fxe3 Qxe3+ 18. Kh1 Bd7 19. Qe4 Rxf1+ 20. Rxf1 Rf8 21. Qxe3 dxe3 22. Re1 Nd4 23. Rxe3 Rf2 24. Re4 Nxb3 25. axb3 Rxb2 26. h4 Rxb3 27. Rd4 Bc6 28. Ne4 Bxe4 29. Rxe4 Kf7 30. Rf4+ Ke7 31. h5 gxh5 32. Rh4 a5 33. c5 Kf6 34. Rxh5 a4 35. Rh4 a3 36. Ra4 Ke5 37. c6 bxc6 38. Ra7 h6 39. g3 Kd4 0-1